000 00449nam a2200181Ia 4500
001 10381
005 20260306161828.0
008 260306t2001||||xx |||||||||||||| ||spa||
041 _aESP
082 _a922.22
_bB84
100 _aBrocardo, Pietro
_eAUT
245 0 _aDon Bosco :
_bprofundamente hombre, profundamente santo
260 _c2001
300 _a277 páginas :
_c21 cm.
650 _aGEN
654 _aCHU
942 _cLIB
_dJUS
_fJUS
_2ddc
_n
999 _c10381
_d10381